Statistiken für Fünf Länder mit den höchsten Covid-19-Fällen nach Kontinent

Klicken Sie hier um das Quiz zu spielen!

Allgemein

  • Dieses Quiz wurde 175 mal gespielt
    (155 seit der letzten Aktualisierung)
  • Das Durchschnittsergebnis liegt bei 23 aus 29

Antwortstatistiken

KontinentLand% Korrekt
AsienChina
96%
SüdamerikaBrasilien
94%
EuropaItalien
94%
NordamerikaVereinigte Staaten
94%
NordamerikaKanada
93%
NordamerikaMexiko
93%
EuropaRussland
93%
EuropaSpanien
93%
Europa / OzeanienFrankreich
91%
OzeanienAustralien
90%
AfrikaSüdafrika
90%
AsienIndien
88%
OzeanienNeuseeland
88%
AfrikaÄgypten
85%
SüdamerikaChile
85%
SüdamerikaPeru
85%
SüdamerikaKolumbien
84%
EuropaVereinigtes
Königreich
79%
AsienIran
73%
AfrikaNigeria
73%
SüdamerikaEcuador
68%
NordamerikaPanama
68%
AfrikaAlgerien
67%
OzeanienFidschi
65%
AsienTürkei
61%
OzeanienPapua-Neuguinea
60%
AsienSaudi-Arabien
50%
NordamerikaDominikanische
Republik
44%
AfrikaGhana
28%

Verteilung der Resultate

Perzentil nach korrekt beantworteten Fragen

Anzahl Personen mit jedem Resultat

Ihre Resultats-Entwicklung

Sie haben dieses Quiz seit der letzten Aktualisierung nicht gespielt